000 00682nam a2200289Ia 4500
005 20260324112001.0
008 008 260324s9999 xx 000 0 eng d
020 _a9781003568094
037 _aEBOOK
040 _aCRL
040 _beng
040 _cCRL
041 _2eng
041 _aeng
084 _qCRL
100 _aAristidis Tsatsakis
_9904515
245 0 _aTelomeres
245 0 _bBiomarkers of a Healthy Life and Successful Aging
260 _bTaylor and Francis
260 _c2025
365 _a
365 _b560
856 _uhttp://www.taylorfrancis.com/books/9781003568094
942 _cEBOOK
999 _c1729840
_d1729840